English for professionals : (Record no. 76943)
[ view plain ]
| 000 -LEADER | |
|---|---|
| fixed length control field | 00580nam a22001817a 4500 |
| 005 - DATE AND TIME OF LATEST TRANSACTION | |
| control field | 20130625113349.0 |
| 010 ## - LCCN (DPL NO) | |
| LC control number | ENG-107733 |
| 020 ## - INTERNATIONAL STANDARD BOOK NUMBER | |
| International Standard Book Number | 8186724085 |
| Terms of availability | 210.00 |
| 035 ## - SYSTEM CONTROL NUMBER | |
| System control number | EN-91266 |
| 037 ## - SOURCE OF ACQUISITION | |
| Source of stock number/acquisition | DBAD/PUB |
| 100 ## - MAIN ENTRY--PERSONAL NAME | |
| Personal name | Miglani, Seema |
| 245 ## - TITLE STATEMENT | |
| Title | English for professionals : |
| Statement of responsibility, etc | by Seema Miglani [and] Shikha Goyal |
| Remainder of title | a book of communication skills in english / |
| 260 ## - PUBLICATION, DISTRIBUTION, ETC. (IMPRINT) | |
| Place of publication, distribution, etc | Haryana |
| Name of publisher, distributor, etc | Nirmal Book Agency |
| Date of publication, distribution, etc | 2013 |
| 270 ## - ADDRESS | |
| Address | Opp. Kurukshetra University IIIrd Gate, |
| City | Kurukshetra |
| Postal code | 136119 |
| 300 ## - PHYSICAL DESCRIPTION | |
| Extent | viii,318p. |
| Dimensions | 24cm(pbk) |
| 700 ## - ADDED ENTRY--PERSONAL NAME | |
| Personal name | Goyal, Shikha |
| 942 ## - ADDED ENTRY ELEMENTS (KOHA) | |
| Source of classification or shelving scheme | Dewey Decimal Classification |
| Item type | English Books |
| Call number suffix | MIG |
| Withdrawn status | Lost status | Not for loan | Collection code | Home library | Current library | Date acquired | Source of acquisition | Cost, normal purchase price | Full call number | Barcode | Copy number | Cost, replacement price | Koha item type |
|---|---|---|---|---|---|---|---|---|---|---|---|---|---|
| Not For Loan | Non-fiction | D.B.Act.Division | D.B.Act.Division | 25/06/2013 | DBAD/PUB | 210.00 | MIG | EN-91266 | 1 | 210.00 | English Books |
